00510cam a22001572 4500001001100000005001700011008004100028020003100069040001500100050001800115100003600133245008600169260004300255300001600298650003800314000000037420151217151748.0070125s xx 000 0 eng d a1563383608 :cKES 3,058.20 aKABUcKABU 0aBL240.3b.C651 aColeman, Richard J.@000014853910aCompeting truths :btheology and science as sibling rivals /cRichard J. Coleman. aHarrisburg PA :bTrinity Press,c2001. axii, 322 p. 0aReligion and Science.@0000148531